000
00289nam a22001217a 4500
008
181022b xxu||||| |||| 00| 0 eng d
041
_a
eng
080
_a
321
100
_a
21
101
_a
pol
245
_a
Essence Decison Explaining The Cuban Crisis
_c
Allison.gT
942
_2
udc
_c
BK
999
_c
50403
_d
50403